00985nam a2200289Ia 450000500170000000800410001702000150005808200140007324500620008725000190014930000520016849000220022050000210024265000290026365000250029265000280031765000200034565000200036594200120038526400320039733600270042933700330045633800280048904000350051799900150055295201280056720220317000623.0160601s2003 ck a g 000 0 spa  a958822758504a611 bA5110aAnatomíabciencia explicadaceditor Leonardo Archila R. a1a. edición  a179 páginas bilustraciones en color c21 cm  aCiencia explicada aIncluye glosario142LEMBaAnatomía humana 142LEMBaCuerpo humano 142LEMBaSistema nervioso 142LEMBaEsqueleto142LEMBaSentidos  2ddccBK aBogotá bIntermedioc2003 atextobtxt2rdacontent asin mediaciónbn2rdamedia avolumenbnc2rdacarrier aCO-BoRNBPbspaerdacCO-BoRNBP c4574d4574 00102ddc40708GENaMEMAPIRIbMEMAPIRIcGENd2024-01-03l0o611A51pMAP0000691r2024-01-03 22:02:57tEj.1w2024-01-03yBK